Index (Record no. 105044)

MARC details
000 -LEADER
fixed length control field 00611cam a2200193 4500
001 - CONTROL NUMBER
control field ##L132161
008 - FIXED-LENGTH DATA ELEMENTS--GENERAL INFORMATION
fixed length control field 060116n2005 000 0 eng u
020 ## - INTERNATIONAL STANDARD BOOK NUMBER
International Standard Book Number 186081881
035 ## - SYSTEM CONTROL NUMBER
System control number (Sirsi) u132161
041 0# - LANGUAGE CODE
Language code of text/sound track or separate title eng
050 04 - LIBRARY OF CONGRESS CALL NUMBER
Classification number 690 $2 18
110 2# - MAIN ENTRY--CORPORATE NAME
Corporate name or jurisdiction name as entry element British Research Establishment
9 (RLIN) 4859
245 00 - TITLE STATEMENT
Title Index
Remainder of title BRE digests, good building guides, good repair guides and information papers
260 ## - PUBLICATION, DISTRIBUTION, ETC.
Place of publication, distribution, etc. Watford
Name of publisher, distributor, etc. BRE
Date of publication, distribution, etc. 2005
300 ## - PHYSICAL DESCRIPTION
Extent 12p.
Dimensions 30cm.
520 ## - SUMMARY, ETC.
Summary, etc. Leaflet containing a classified subject index and a numerical listing of BRE publications.
690 ## - LOCAL SUBJECT ADDED ENTRY--TOPICAL TERM (OCLC, RLIN)
Topical term or geographic name as entry element BUILT ENVIRONMENT
942 ## - ADDED ENTRY ELEMENTS (KOHA)
Suppress in OPAC 0
Holdings
Withdrawn status Lost status Source of classification or shelving scheme Damaged status Not for loan Home library Current library Shelving location Date acquired Total Checkouts Full call number Barcode Date last seen Copy number Price effective from Koha item type
    Dewey Decimal Classification     London London BRE publications 16/01/2006   ENQUIRY DESK 30071590 06/08/2019 1 06/08/2019 Book